Australia in the Eurovision Song Contest - Statistics

General Stats
  • This quiz has been taken 22 times
    9 since last reset
  • The average score is 9 of 10
Answer Stats
Answer % Correct
Milkshake Man
100%
Not The Same
100%
One Milkali (One Blood)
100%
Sound of Silence
100%
Technicolour
100%
Zero Gravity
88%
Don't Come Easy
75%
Promise
75%
Tonight Again
75%
We Got Love
75%
No matching quizzes found
Score Distribution
Percent of People with Each Score
Percentile by Number Answered
Your Score History
You have not taken this quiz since the last reset